000 00599cam a22002053a 4500
001 43552
003 PGUSA
005 20140828084006.0
008 130824s2013||||xxu|||||s|||||000 | eng d
040 _aPGUSA
_beng
042 _adc
100 1 _aBeerbohm, Julius
245 1 0 _aWanderings in Patagonia :
_bLife Among the Ostrich-Hunters
_h[electronic resource] /
_cJulius Beerbohm
260 _bProject Gutenberg,
_c2013
506 _aPublic domain in the USA.
516 _aElectronic text
830 0 _aProject Gutenberg
_v43552
856 4 0 _uhttp://www.gutenberg.org/ebooks/43552
942 _cEB
999 _c272803
_d272803